Countries that Cross Two Continents - Statistics

General Stats
  • This quiz has been taken 73 times
    16 since last reset
  • The average score is 9 of 11
Answer Stats
Continents Answer % Correct
Europe + Asia Russia
100%
Europe + Asia Turkey
100%
Africa + Asia Egypt
93%
Europe + South America + North America + Africa France
93%
North America + Oceania United States
93%
Europe + North America Denmark
86%
Asia + Oceania Indonesia
86%
Europe + Asia Georgia
79%
Europe + Asia Kazakhstan
79%
Europe + Asia Azerbaijan
57%
Europe + Asia Greece (Rhodes, Chios ect. just incase you didn't know)
57%
No matching quizzes found
Score Distribution
Percent of People with Each Score
Percentile by Number Answered
Your Score History
You have not taken this quiz since the last reset